000 00910nam a2200253Ia 4500
003 OSt
005 20220923213625.0
006 a|||||r|||| 00| 0
007 ta
008 220922b |||||||| |||| 00| 0 hin d
024 _a163,601
037 _cTextual
040 _aARTS
_cARTS
_bhin
041 _2hin
_ahin
082 _aO152,1N133x, K8
100 _aमिश्र, भवानी प्रसाद
245 0 _aअधेरी कविताएं
246 _aAdherī kavitāean
260 _aवाराणसी
_b भारतीय ज्ञानपीठ प्रकाशन
_c1968
490 _aज्ञानपीठ लोकोदय ग्रंथमाला; 269
650 _aहिन्दी साहित्य
_9156264
942 _hO152,1N133x, K8
_cTEXL
_2CC
999 _c318081
_d318081